000 00514nam a2200133Ia 4500
008 200302s9999 xx 000 0 und d
020 _a9780323569613
100 _aKelley, Lorrie L.
245 _cLorrie L. Kelly, Connie M. Petersen.--
_aSectional anatomy for imaging professionals /
260 _aSt. Louis, Missouri :
_bElsevier
_c2018
300 _a217 pages :
_bblack and white illustrations;
_c28 cm
650 _aHuman anatomy -- Problems, exercises, etc.
650 _aTomography -- Problems, exercises, etc.
999 _c363047
_d363047